<?xml version="1.0" encoding="UTF-8"?>
<collection xmlns="http://www.loc.gov/MARC21/slim">
 <record>
  <leader>02981aam a22003498a 4500</leader>
  <controlfield tag="001">NCT_24160</controlfield>
  <controlfield tag="008">160713s2016                  ||||||viesd</controlfield>
  <datafield tag="999" ind1=" " ind2=" ">
   <subfield code="c">1147</subfield>
   <subfield code="d">1147</subfield>
  </datafield>
  <datafield tag="020" ind1=" " ind2=" ">
   <subfield code="c">136000</subfield>
  </datafield>
  <datafield tag="082" ind1="0" ind2="4">
   <subfield code="2">23rd ed.</subfield>
   <subfield code="a">658.84</subfield>
   <subfield code="b">D264</subfield>
  </datafield>
  <datafield tag="100" ind1="1" ind2=" ">
   <subfield code="a">Davis, John</subfield>
  </datafield>
  <datafield tag="245" ind1="1" ind2="0">
   <subfield code="a">Đo lường tiếp thị :</subfield>
   <subfield code="b">103 công cụ đo lường thiết yếu cho các chuyên gia marketing = Measuring marketing : 103 key metrics every marketer needs</subfield>
   <subfield code="c">John Davis ; Phan Thu (dịch) ; Phương Thuý (hiệu đính)</subfield>
  </datafield>
  <datafield tag="260" ind1=" " ind2=" ">
   <subfield code="a">Tp.HCM</subfield>
   <subfield code="b">Tổng hợp</subfield>
   <subfield code="c">2011</subfield>
  </datafield>
  <datafield tag="300" ind1=" " ind2=" ">
   <subfield code="a">528tr.</subfield>
   <subfield code="c">24 cm</subfield>
  </datafield>
  <datafield tag="520" ind1="3" ind2=" ">
   <subfield code="a">Đưa ra 103 công cụ đo lường hiệu quả tiếp thị với 3 nội dung: hoạch định tiếp thị và khách hàng, chào hàng, lực lượng bán hàng; theo 3 phạm trù: nhu cầu đo lường, giải pháp và tác động đến việc ra quyết định</subfield>
  </datafield>
  <datafield tag="653" ind1=" " ind2=" ">
   <subfield code="a">Quản trị kinh doanh</subfield>
  </datafield>
  <datafield tag="700" ind1="1" ind2=" ">
   <subfield code="a">Phan Thu</subfield>
   <subfield code="e">Dịch</subfield>
  </datafield>
  <datafield tag="700" ind1="0" ind2=" ">
   <subfield code="a">Phương Thuý</subfield>
   <subfield code="e">hiệu đính</subfield>
  </datafield>
  <datafield tag="942" ind1=" " ind2=" ">
   <subfield code="2">ddc</subfield>
   <subfield code="c">BK</subfield>
  </datafield>
  <datafield tag="952" ind1=" " ind2=" ">
   <subfield code="0">0</subfield>
   <subfield code="1">0</subfield>
   <subfield code="2">ddc</subfield>
   <subfield code="4">0</subfield>
   <subfield code="6">658_840000000000000_D264</subfield>
   <subfield code="7">0</subfield>
   <subfield code="9">11742</subfield>
   <subfield code="a">000001</subfield>
   <subfield code="b">000001</subfield>
   <subfield code="d">2018-06-22</subfield>
   <subfield code="o">658.84 D264</subfield>
   <subfield code="p">MD.07049</subfield>
   <subfield code="r">2018-06-22</subfield>
   <subfield code="v">136000.00</subfield>
   <subfield code="w">2018-06-22</subfield>
   <subfield code="y">BK</subfield>
  </datafield>
  <datafield tag="952" ind1=" " ind2=" ">
   <subfield code="0">0</subfield>
   <subfield code="1">0</subfield>
   <subfield code="2">ddc</subfield>
   <subfield code="4">0</subfield>
   <subfield code="6">658_840000000000000_D264</subfield>
   <subfield code="7">0</subfield>
   <subfield code="9">11743</subfield>
   <subfield code="a">000001</subfield>
   <subfield code="b">000001</subfield>
   <subfield code="d">2018-06-22</subfield>
   <subfield code="o">658.84 D264</subfield>
   <subfield code="p">MD.07050</subfield>
   <subfield code="r">2018-06-22</subfield>
   <subfield code="v">136000.00</subfield>
   <subfield code="w">2018-06-22</subfield>
   <subfield code="y">BK</subfield>
  </datafield>
  <datafield tag="952" ind1=" " ind2=" ">
   <subfield code="0">0</subfield>
   <subfield code="1">0</subfield>
   <subfield code="2">ddc</subfield>
   <subfield code="4">0</subfield>
   <subfield code="6">658_840000000000000_D264</subfield>
   <subfield code="7">0</subfield>
   <subfield code="9">11744</subfield>
   <subfield code="a">000001</subfield>
   <subfield code="b">000001</subfield>
   <subfield code="d">2018-06-22</subfield>
   <subfield code="o">658.84 D264</subfield>
   <subfield code="p">MD.07051</subfield>
   <subfield code="r">2018-06-22</subfield>
   <subfield code="v">136000.00</subfield>
   <subfield code="w">2018-06-22</subfield>
   <subfield code="y">BK</subfield>
  </datafield>
  <datafield tag="952" ind1=" " ind2=" ">
   <subfield code="0">0</subfield>
   <subfield code="1">0</subfield>
   <subfield code="2">ddc</subfield>
   <subfield code="4">0</subfield>
   <subfield code="6">658_840000000000000_D264</subfield>
   <subfield code="7">0</subfield>
   <subfield code="9">11745</subfield>
   <subfield code="a">000001</subfield>
   <subfield code="b">000001</subfield>
   <subfield code="d">2018-06-22</subfield>
   <subfield code="o">658.84 D264</subfield>
   <subfield code="p">MD.07052</subfield>
   <subfield code="r">2018-06-22</subfield>
   <subfield code="v">136000.00</subfield>
   <subfield code="w">2018-06-22</subfield>
   <subfield code="y">BK</subfield>
  </datafield>
  <datafield tag="952" ind1=" " ind2=" ">
   <subfield code="0">0</subfield>
   <subfield code="1">0</subfield>
   <subfield code="2">ddc</subfield>
   <subfield code="4">0</subfield>
   <subfield code="6">658_840000000000000_D264</subfield>
   <subfield code="7">0</subfield>
   <subfield code="9">11746</subfield>
   <subfield code="a">000001</subfield>
   <subfield code="b">000001</subfield>
   <subfield code="d">2018-06-22</subfield>
   <subfield code="o">658.84 D264</subfield>
   <subfield code="p">MD.07053</subfield>
   <subfield code="r">2018-06-22</subfield>
   <subfield code="v">136000.00</subfield>
   <subfield code="w">2018-06-22</subfield>
   <subfield code="y">BK</subfield>
  </datafield>
  <datafield tag="952" ind1=" " ind2=" ">
   <subfield code="0">0</subfield>
   <subfield code="1">0</subfield>
   <subfield code="2">ddc</subfield>
   <subfield code="4">0</subfield>
   <subfield code="6">658_840000000000000_D264</subfield>
   <subfield code="7">0</subfield>
   <subfield code="9">11747</subfield>
   <subfield code="a">000001</subfield>
   <subfield code="b">000001</subfield>
   <subfield code="d">2018-06-22</subfield>
   <subfield code="o">658.84 D264</subfield>
   <subfield code="p">MD.07054</subfield>
   <subfield code="r">2018-06-22</subfield>
   <subfield code="v">136000.00</subfield>
   <subfield code="w">2018-06-22</subfield>
   <subfield code="y">BK</subfield>
  </datafield>
  <datafield tag="952" ind1=" " ind2=" ">
   <subfield code="0">0</subfield>
   <subfield code="1">0</subfield>
   <subfield code="2">ddc</subfield>
   <subfield code="4">0</subfield>
   <subfield code="6">658_840000000000000_D264</subfield>
   <subfield code="7">0</subfield>
   <subfield code="9">11748</subfield>
   <subfield code="a">000001</subfield>
   <subfield code="b">000001</subfield>
   <subfield code="d">2018-06-22</subfield>
   <subfield code="o">658.84 D264</subfield>
   <subfield code="p">MD.07055</subfield>
   <subfield code="r">2018-06-22</subfield>
   <subfield code="v">136000.00</subfield>
   <subfield code="w">2018-06-22</subfield>
   <subfield code="y">BK</subfield>
  </datafield>
  <datafield tag="952" ind1=" " ind2=" ">
   <subfield code="0">0</subfield>
   <subfield code="1">0</subfield>
   <subfield code="2">ddc</subfield>
   <subfield code="4">0</subfield>
   <subfield code="6">658_840000000000000_D264</subfield>
   <subfield code="7">0</subfield>
   <subfield code="9">11749</subfield>
   <subfield code="a">000001</subfield>
   <subfield code="b">000001</subfield>
   <subfield code="d">2018-06-22</subfield>
   <subfield code="o">658.84 D264</subfield>
   <subfield code="p">MD.07056</subfield>
   <subfield code="r">2018-06-22</subfield>
   <subfield code="v">136000.00</subfield>
   <subfield code="w">2018-06-22</subfield>
   <subfield code="y">BK</subfield>
  </datafield>
  <datafield tag="952" ind1=" " ind2=" ">
   <subfield code="0">0</subfield>
   <subfield code="1">0</subfield>
   <subfield code="2">ddc</subfield>
   <subfield code="4">0</subfield>
   <subfield code="6">658_840000000000000_D264</subfield>
   <subfield code="7">0</subfield>
   <subfield code="9">11750</subfield>
   <subfield code="a">000001</subfield>
   <subfield code="b">000001</subfield>
   <subfield code="d">2018-06-22</subfield>
   <subfield code="o">658.84 D264</subfield>
   <subfield code="p">MD.07057</subfield>
   <subfield code="r">2018-06-22</subfield>
   <subfield code="v">136000.00</subfield>
   <subfield code="w">2018-06-22</subfield>
   <subfield code="y">BK</subfield>
  </datafield>
  <datafield tag="952" ind1=" " ind2=" ">
   <subfield code="0">0</subfield>
   <subfield code="1">0</subfield>
   <subfield code="2">ddc</subfield>
   <subfield code="4">0</subfield>
   <subfield code="6">658_840000000000000_D264</subfield>
   <subfield code="7">0</subfield>
   <subfield code="9">11751</subfield>
   <subfield code="a">000001</subfield>
   <subfield code="b">000001</subfield>
   <subfield code="d">2018-06-22</subfield>
   <subfield code="o">658.84 D264</subfield>
   <subfield code="p">MD.07058</subfield>
   <subfield code="r">2018-06-22</subfield>
   <subfield code="v">136000.00</subfield>
   <subfield code="w">2018-06-22</subfield>
   <subfield code="y">BK</subfield>
  </datafield>
  <datafield tag="952" ind1=" " ind2=" ">
   <subfield code="0">0</subfield>
   <subfield code="1">0</subfield>
   <subfield code="2">ddc</subfield>
   <subfield code="4">0</subfield>
   <subfield code="6">658_840000000000000_D264</subfield>
   <subfield code="7">0</subfield>
   <subfield code="9">11752</subfield>
   <subfield code="a">000001</subfield>
   <subfield code="b">000001</subfield>
   <subfield code="d">2018-06-22</subfield>
   <subfield code="o">658.84 D264</subfield>
   <subfield code="p">MD.07059</subfield>
   <subfield code="r">2018-06-22</subfield>
   <subfield code="v">136000.00</subfield>
   <subfield code="w">2018-06-22</subfield>
   <subfield code="y">BK</subfield>
  </datafield>
  <datafield tag="952" ind1=" " ind2=" ">
   <subfield code="0">0</subfield>
   <subfield code="1">0</subfield>
   <subfield code="2">ddc</subfield>
   <subfield code="4">0</subfield>
   <subfield code="6">658_840000000000000_D264</subfield>
   <subfield code="7">0</subfield>
   <subfield code="9">11753</subfield>
   <subfield code="a">000001</subfield>
   <subfield code="b">000001</subfield>
   <subfield code="d">2018-06-22</subfield>
   <subfield code="o">658.84 D264</subfield>
   <subfield code="p">MD.07060</subfield>
   <subfield code="r">2018-06-22</subfield>
   <subfield code="v">136000.00</subfield>
   <subfield code="w">2018-06-22</subfield>
   <subfield code="y">BK</subfield>
  </datafield>
  <datafield tag="980" ind1=" " ind2=" ">
   <subfield code="a">Thư viện Trường Đại học Nam Cần Thơ</subfield>
  </datafield>
 </record>
</collection>
